Valuation of intangible assets (Record no. 105447)
[ view plain ]
| 000 -LEADER | |
|---|---|
| fixed length control field | 01380cam a2200217 4500 |
| 001 - CONTROL NUMBER | |
| control field | ##L133673 |
| 008 - FIXED-LENGTH DATA ELEMENTS--GENERAL INFORMATION | |
| fixed length control field | 060601n2006 000 0 eng u |
| 035 ## - SYSTEM CONTROL NUMBER | |
| System control number | (Sirsi) u133673 |
| 041 0# - LANGUAGE CODE | |
| Language code of text/sound track or separate title | eng |
| 110 2# - MAIN ENTRY--CORPORATE NAME | |
| Corporate name or jurisdiction name as entry element | Valuation Consulting Limited |
| 9 (RLIN) | 4931 |
| 245 00 - TITLE STATEMENT | |
| Title | Valuation of intangible assets |
| Remainder of title | four case studies |
| 260 ## - PUBLICATION, DISTRIBUTION, ETC. | |
| Place of publication, distribution, etc. | London |
| Name of publisher, distributor, etc. | RICS |
| Date of publication, distribution, etc. | 2006 |
| 490 #0 - SERIES STATEMENT | |
| Series statement | RICS Plant and Machinery Faculty Research Report |
| 505 2# - FORMATTED CONTENTS NOTE | |
| Formatted contents note | Intangible assets -- The valuation of intangible assets -- Case study one: Valuation of royalty revenues -- Case study two: Valuation of brand and workforce -- Case study three: Valuation of patents -- Case study four: Valuation of a brand name -- Conclusion |
| 520 ## - SUMMARY, ETC. | |
| Summary, etc. | Looks at four case studies to show how to apply the theories discussed in "Valuing intangible assets" (ISBN 1842191438) to real, practical situations. The case studies were chosen to illustrate multiple techniques and to demonstrate all three of the major valuation approaches: the cost approach, the market approach and the income approach. |
| 590 ## - LOCAL NOTE (RLIN) | |
| Local note | IKA060606 |
| 690 ## - LOCAL SUBJECT ADDED ENTRY--TOPICAL TERM (OCLC, RLIN) | |
| Topical term or geographic name as entry element | PROPERTY-BUSINESS ASSETS-INTANGIBLE BUSINESS ASSETS |
| 710 2# - ADDED ENTRY--CORPORATE NAME | |
| Corporate name or jurisdiction name as entry element | Royal Institution of Chartered Surveyors |
| Subordinate unit | Machinery and Business Assets Faculty |
| 9 (RLIN) | 4553 |
| 856 40 - ELECTRONIC LOCATION AND ACCESS | |
| Uniform Resource Identifier | <a href="https://www.rics.org/RICSWEB/getpage.aspx?p=nqNUxbqw-E2605CrObFvtw">https://www.rics.org/RICSWEB/getpage.aspx?p=nqNUxbqw-E2605CrObFvtw</a> |
| Public note | View the item free of charge at www.rics.org... |
| 942 ## - ADDED ENTRY ELEMENTS (KOHA) | |
| Suppress in OPAC | 0 |
| Withdrawn status | Lost status | Source of classification or shelving scheme | Damaged status | Not for loan | Home library | Current library | Shelving location | Date acquired | Total Checkouts | Full call number | Barcode | Date last seen | Copy number | Price effective from | Koha item type |
|---|---|---|---|---|---|---|---|---|---|---|---|---|---|---|---|
| Dewey Decimal Classification | Virtual | Virtual | Online | 01/06/2006 | ONLINE PUBLICATION | 133673-1001 | 06/08/2019 | 1 | 06/08/2019 | Book |